| 000 | 00719nam a2200229Ii 4500 | ||
|---|---|---|---|
| 003 | JO-AjNU | ||
| 008 | 230605s9999||||xx |||||||||||||| ||und|| | ||
| 017 | _a2009/11/4482 | ||
| 020 | _a978-9957-82-021-3 | ||
| 040 |
_aJO-AjNU _bara _erda _cJO-AjNU |
||
| 041 | _aara | ||
| 050 | 1 | 4 | _aHF5679.S35 2010 |
| 100 | 3 |
_aسلامة، مصطفى صالح, _eauthor _930478 |
|
| 245 | 0 | 0 | _aنظم المعلومات المحاسبية |
| 250 | _aط1 | ||
| 264 | 3 | 1 | _aعمان:ة دار البداية ناشرون وموزعون، 2010 |
| 300 | _a224ص | ||
| 336 |
_atext _btxt _2rdacontent |
||
| 337 |
_aunmediated _bn _2rdamedia |
||
| 338 |
_avolume _bnc _2rdacarrier |
||
| 650 | 4 |
_aالمحاسبة المالية _930479 |
|
| 999 |
_aA12087 _c15655 _d15655 |
||